000 00428nam a22001817a 4500
003 MPLRDC
005 20220104113941.0
008 210129b ||||| |||| 00| 0 eng d
082 _a848.2 XLZ v.1
100 _a杏林子著
245 _a杏林小记
_c
250 _a三十四版
260 _a
_b九歌出版社
_c1984
300 _b
490 _a九歌文库;21
650 _a现代别集
942 _cBK
_o848.2 XLZ v.1
999 _c3637
_d3627